000 00754nam a2200205Ia 4500
005 20250103123329.0
008 008 250103s9999 xx 000 0 hin d
020 _a978-81-8031-990-7
037 _aTB
040 _aCRL
_bhin
_cCRL
041 _ahin
_2hin
084 _aNT44,L 152M1;Q5
_qCRL
100 _aगुप्त, सोमनाथ, ले.
245 0 _aपारसी थियेटर: उद्भव और विकास
_cगुप्त, सोमनाथ, ले.
260 _aनई दिल्ली, भारत
_bलोकभारती प्रकाशन
_c2015
300 _a296पृ0
650 _aललित कला
_9156314
942 _cTB
_hNT44,L 152M1;Q5
999 _c1234392
_d1234392